000 00382nam a22001697a 4500
005 20160630100038.0
008 160630b xxu||||| |||| 00| 0 eng d
020 _a978-93-5014-043-7
041 _aeng
082 _b12922
100 _aGupta, J B
_93167
245 _aPower System
260 _bKatson
_c2010
300 _a367
650 _aDiploma Engineering
_9817
942 _cBK
999 _c4830
_d4828